000
00344nam a2200145Ia 4500
008
230901s2008 xx 000 0 und d
041
_a
eng
082
_a
610.7343/COW
100
_a
COWLEY
245
_a
COMMUNITY PUBLIC HEALTH
250
_a
2nd ed
260
_b
BAILLIERE TINDALL ELSEVIER,UK.
_c
2008
300
_a
377
650
_a
COMMUNITY
999
_c
864077
_d
864077